| 000 | 01272 a2200313 4500 | ||
|---|---|---|---|
| 003 | OSt | ||
| 005 | 20180116192326.0 | ||
| 008 | 110810t2005 xxu||||| |||| 00| 0 eng d | ||
| 010 | _a 2006271801 | ||
| 020 | _a3764372710 (English ed. : hd. bd. : alk. paper) | ||
| 020 | _a9783764372712 | ||
| 035 | _a(CStRLIN)PASGA2946627-B | ||
| 035 | _a(PSt) (Sirsi) a2946627 | ||
| 040 | _c0 | ||
| 082 | _a720.40904 | ||
| 245 | 1 | 0 |
_aBuilding simply / _cChristian Schittich (ed.) ; with essays contributed by Florian Musso ... [et al.] ; [translation, German/English, Catherine Anderle-Neill]. |
| 246 | 3 | 0 |
_aIn detail : _bbuilding simply |
| 260 |
_aMünchen : _bEdition Detail, Institut für internationale Architektur-Dokumentation ; _aBasel [Switzerland] ; _aBoston : _bBirkhäuser, _cc2005. |
||
| 300 |
_a176 p. : _bill. (some col.) ; _c31 cm. |
||
| 440 | 0 |
_aIn detail _928 |
|
| 650 | 0 |
_aArchitecture, Modern _y20th century. _929 |
|
| 650 | 0 |
_aArchitecture, Modern _y21st century. _930 |
|
| 650 | 0 |
_aSimplicity in architecture. _931 |
|
| 650 | 0 |
_aSmall buildings. _932 |
|
| 700 | 1 |
_aSchittich, Christian. _933 |
|
| 700 | 1 |
_aMusso, Florian, _d1956- _934 |
|
| 942 |
_aSADA _cBK _k720.40904 SCH 2005 _2ddc |
||
| 999 |
_c352205 _d352205 |
||